Análisis técnico y descripción del proceso de construcción de cuartos limpios en un proyecto para la producción de dispositivos médicos
Spremljeno u:
| Glavni autor: | |
|---|---|
| Format: | Knjiga |
| Jezik: | Spanish |
| Izdano: |
[San José , Costa Rica]
2012
|
| Teme: | |
| Oznake: |
Dodaj oznaku
Bez oznaka, Budi prvi tko označuje ovaj zapis!
|
MARC
| LEADER | 00000nam a22000007a 4500 | ||
|---|---|---|---|
| 003 | 013015 | ||
| 005 | 20240110105617.0 | ||
| 008 | 190408b2012 c a|||| |m|| 00| ||spa d | ||
| 040 | |c cru CEDI | ||
| 090 | |a TFG 8165 | ||
| 100 | |a Badilla Valverde, Raúl, 1981- |9 2126 | ||
| 245 | |a Análisis técnico y descripción del proceso de construcción de cuartos limpios en un proyecto para la producción de dispositivos médicos | ||
| 260 | |a [San José , Costa Rica] |c 2012 | ||
| 500 | |a Trabajo de graduación (posgrado en ingeniería civil, con énfasis en administración de la construcción)--Universidad de Costa Rica. Sistema de Estudios de Posgrado | ||
| 650 | |x CUARTOS DE ASEO - DISEÑO Y CONSTRUCCION |x MATERIALES DE CONSTRUCCION |x CUARTOS DE ASEO - EQUIPO Y ACCESORIOS |x DISPOSITIVOS ELECTROMECANICOS |9 16361 | ||
| 942 | |c TFG |h TFG 8165 |i 013015 |6 TFG_8165_013015000000000 | ||
| 999 | |c 21660 |d 21660 | ||
